书目信息 |
| 题名: |
中学生数学学科自我监控能力
|
|
| 作者: | 章建跃 著 | |
| 分册: | ||
| 出版信息: | 上海 华东师范大学出版社 2003 |
|
| 页数: | 128页 | |
| 开本: | 21cm | |
| 丛书名: | 数学教育研究前沿 | |
| 单 册: | ||
| 中图分类: | G633.603 | |
| 科图分类: | ||
| 主题词: | 教育--各级 | |
| 电子资源: | ||
| ISBN: | 7-5617-3270-8 | |
| 000 | 00942oam2 2200265 450 | |
| 001 | 05002423956 | |
| 005 | 20051116085513.17 | |
| 010 | @a7-5617-3270-8@dCNY11.00 | |
| 092 | @aCN | |
| 100 | @a20040521d2003 ekmy0chiy0120 ea | |
| 101 | 0 | @achi |
| 102 | @aCN@b310000 | |
| 105 | @aak az 001yy | |
| 200 | 1 | @a中学生数学学科自我监控能力@9zhong xue sheng shu xue xue ke zi wo jian kong neng li@f章建跃著@Fzhang jian yue zhu |
| 210 | @a上海@c华东师范大学出版社@d2003 | |
| 215 | @a128页@c图@d21cm | |
| 225 | 2 | @a数学教育研究前沿@h第2辑@f张奠宙,李士锜主编 |
| 320 | @a有书目及索引 | |
| 330 | @a本书内容包括自我监控学习能力研究概述,数学学科自我监控能力的理论问题,中学生数学学科自我监控能力的结构,培养中学生数学学科自我监控能力的建议等。 | |
| 461 | 0 | @12001 @a数学教育研究前沿 |
| 606 | 0 | @a教育@x各级 |
| 690 | @aG633.603@v4 | |
| 701 | 0 | @a章建跃@Azhang jian yue@4著 |
| 801 | 0 | @aCN@bTSSF@c20051116 |
| 905 | @a10447@dG633.603@e328:2(1) | |
| 中学生数学学科自我监控能力/章建跃著.-上海:华东师范大学出版社,2003 |
| 128页:图;21cm.-(数学教育研究前沿.第2辑/张奠宙,李士锜主编) |
| ISBN 7-5617-3270-8:CNY11.00 |
| 本书内容包括自我监控学习能力研究概述,数学学科自我监控能力的理论问题,中学生数学学科自我监控能力的结构,培养中学生数学学科自我监控能力的建议等。 |
| ● |
| 相关链接 |
|
|
|
|
正题名:中学生数学学科自我监控能力
索取号:G633.603/328:2(1)
 
预约/预借
| 序号 | 登录号 | 条形码 | 馆藏地/架位号 | 状态 | 备注 |
| 1 | 0362324 | 3623243 | 第一样本阅览室/ [索取号:G633.603/328:2(1)] | 在馆 | |
| 2 | 0362325 | 3623252 | 密集书库/ [索取号:G633.603/328:2(1)] | 在馆 | |
| 3 | 0362326 | 3623261 | 第四借阅区/ [索取号:G633.603/328:2(1)] | 在馆 | |
| 4 | 0362327 | 3623270 | 密集书库/ [索取号:G633.603/328:2(1)] | 在馆 | |
| 5 | 0362328 | 3623289 | 密集书库/ [索取号:G633.603/328:2(1)] | 在馆 | |
| 6 | 0368047 | 203680472 | 密集书库/ [索取号:G633.603/328:2(1)] | 在馆 | |
| 7 | 0368048 | 203680481 | 密集书库/ [索取号:G633.603/328:2(1)] | 在馆 | |
| 8 | 0368049 | 203680490 | 第四借阅区/ [索取号:G633.603/328:2(1)] | 在馆 | |
| 9 | 0368050 | 203680506 | 第四借阅区/ [索取号:G633.603/328:2(1)] | 在馆 | |
| 10 | 0368051 | 203680515 | 第四借阅区/ [索取号:G633.603/328:2(1)] | 在馆 |